The UK commercial property lending market (Record no. 104402)

MARC details
000 -LEADER
fixed length control field 01360cam a2200229 4500
001 - CONTROL NUMBER
control field ##L130225
008 - FIXED-LENGTH DATA ELEMENTS--GENERAL INFORMATION
fixed length control field 050704n2005 000 0 eng u
020 ## - INTERNATIONAL STANDARD BOOK NUMBER
International Standard Book Number 1857213718
035 ## - SYSTEM CONTROL NUMBER
System control number (Sirsi) u130225
041 0# - LANGUAGE CODE
Language code of text/sound track or separate title eng
050 04 - LIBRARY OF CONGRESS CALL NUMBER
Classification number 332.6324 $2 18
100 1# - MAIN ENTRY--PERSONAL NAME
Personal name Maxted, Bill
245 04 - TITLE STATEMENT
Title The UK commercial property lending market
Remainder of title year-end 2004
250 ## - EDITION STATEMENT
Edition statement 7th ed.
260 ## - PUBLICATION, DISTRIBUTION, ETC.
Place of publication, distribution, etc. Leicester
Name of publisher, distributor, etc. De Montfort University
Date of publication, distribution, etc. 2005
300 ## - PHYSICAL DESCRIPTION
Extent 2
Type of unit v.
Dimensions 30cm
520 ## - SUMMARY, ETC.
Summary, etc. Analyses the lending activity of the major commercial property lenders operating within the UK as at the end of 2004. Deals with the total of debt outstanding lent against commercial property, the volume of annual lending and analyses the terms on which loans have been completed. Features a high response rate from specialist property lenders together with a high level of detail in its findings. The second part of the survey analyses the lending activity of the major commercial property lenders operating within the UK as at the end of 2004. Presents the detailed lending terms that would be offered by UK lenders, German lenders, other international lenders, North American lenders and building societies.
690 ## - LOCAL SUBJECT ADDED ENTRY--TOPICAL TERM (OCLC, RLIN)
Topical term or geographic name as entry element PROPERTY-COMMERCIAL PROPERTY-COMMERCIAL PROPERTY FINANCE AND INVESTMENT
700 1# - ADDED ENTRY--PERSONAL NAME
Personal name Porter, Trudi
710 2# - ADDED ENTRY--CORPORATE NAME
Corporate name or jurisdiction name as entry element De Montfort University
9 (RLIN) 2410
942 ## - ADDED ENTRY ELEMENTS (KOHA)
Suppress in OPAC 0
Holdings
Withdrawn status Lost status Source of classification or shelving scheme Damaged status Not for loan Home library Current library Shelving location Date acquired Cost, normal purchase price Total Checkouts Full call number Barcode Date last seen Date last checked out Copy number Cost, replacement price Price effective from Koha item type
    Dewey Decimal Classification     London London Folio 06/01/2006 250.00 2 F332.6324 MAX 30070686 06/08/2019 07/08/2007 1 250.00 06/08/2019 Book